Một số vấn đề về nhận thức khoa học
Nhận thức luận của duy vật biện chứng. Biện chứng giữa khách thể và chủ thể. Nhận thức cảm tính và lý tính. Nhận thức khoa học. Mối quan hệ biện chứng giữa lý luận khoa học và thực tiễn xã hội
Sparad:
| Huvudupphovsman: | |
|---|---|
| Övriga upphovsmän: | , |
| Materialtyp: | Bok |
| Språk: | Vietnamese |
| Publicerad: |
H.
Đại học Sư phạm Hà Nội I
1993
|
| Ämnen: | |
| Taggar: |
Lägg till en tagg
Inga taggar, Lägg till första taggen!
|
| Thư viện lưu trữ: | Mạng thư viện Đại học Đà Nẵng |
|---|
| LEADER | 01246nam a22003618a 4500 | ||
|---|---|---|---|
| 001 | 000014096 | ||
| 003 | 10451 | ||
| 005 | 20120329080304.0 | ||
| 008 | 120329s1993 b 000 0 od | ||
| 020 | |d 400b | ||
| 041 | 0 | |a 9306 | |
| 041 | 0 | |a vie | |
| 082 | |b NG-T | ||
| 084 | |a A518 | ||
| 100 | 1 | |a Nguyễn Văn Tân |e Chủ biên | |
| 245 | 1 | 0 | |a Một số vấn đề về nhận thức khoa học |c Nguyễn Văn Tân chủ biên |
| 260 | |a H. |b Đại học Sư phạm Hà Nội I |c 1993 | ||
| 300 | |a 128tr |c 19cm | ||
| 520 | |a Nhận thức luận của duy vật biện chứng. Biện chứng giữa khách thể và chủ thể. Nhận thức cảm tính và lý tính. Nhận thức khoa học. Mối quan hệ biện chứng giữa lý luận khoa học và thực tiễn xã hội | ||
| 653 | |a Triết học | ||
| 653 | |a Duy vật biện chứng | ||
| 653 | |a Khoa học | ||
| 653 | |a Nhận thức luận | ||
| 700 | 1 | |a Nguyễn Thị Tuất |e Tác giả | |
| 700 | 1 | |a Trịnh Thị Thu Hương |e Tác giả | |
| OWN | |a LSP | ||
| 999 | |a From the UDN01 | ||
| TYP | |a Monograph | ||
| TYP | |a Printed language | ||
| 980 | |a Mạng thư viện Đại học Đà Nẵng | ||